Sports Quiz

Random Sports or Football Quiz

Burnley Premier League appearances A-Z Quiz Stats

Quiz not verified by Sporcle

Challenge
Share
Tweet
Embed
Score 0/18 Timer 08:00
0 Plays Today
Letter Player % Correct
IDanny Ings
85.5%
AGraham Alexander
72.6%
HTom Heaton
72.6%
BRobbie Blake
71%
JBrian Jensen
71%
DMichael Duff
62.9%
FSteven Fletcher
62.9%
TKieran Trippier
62.9%
CClarke Carlisle
54.8%
Letter Player % Correct
EWade Elliott
54.8%
KMichael Keane
54.8%
NDavid Nugent
51.6%
PMartin Paterson
50%
SJason Shackell
43.5%
WRoss Wallace
40.3%
MTyrone Mears
35.5%
RSteven Reid
17.7%
GJoey Guðjónsson
9.7%

You're not logged in!

Compare scores with friends on all Sporcle quizzes.
Join for Free
OR
Log In

You Might Also Like...

Show Comments

Extras

Top Quizzes Today


Score Distribution

Your Account Isn't Verified!

In order to create a playlist on Sporcle, you need to verify the email address you used during registration. Go to your Sporcle Settings to finish the process.

Report this User

Report this user for behavior that violates our Community Guidelines.

Details: